Clases medias, política y sociedad en los inicios de la sociología empírica en la Argentina /

El ensayo posee como objetivo rastrear y reconstruir el pasado de las clases medias; lo anterior se encuadra en los inicios de la sociología empírica de Argentina y en la obra y pensamientos principales de Gino Germani. Se alude a la relación que tiene la clase en la estructura social. Finalmente, s...

Cijeli opis

Spremljeno u:
Bibliografski detalji
Glavni autor: Irazuzta, Ignacio
Format: Tekst
Teme:
Oznake: Dodaj oznaku
Bez oznaka, Budi prvi tko označuje ovaj zapis!

MARC

LEADER 00000 a a2200000 04500
001 42097
003
040
100 |a Irazuzta, Ignacio  
245 |a Clases medias, política y sociedad en los inicios de la sociología empírica en la Argentina /  |c Ignacio Irazuzta  
520 |a El ensayo posee como objetivo rastrear y reconstruir el pasado de las clases medias; lo anterior se encuadra en los inicios de la sociología empírica de Argentina y en la obra y pensamientos principales de Gino Germani. Se alude a la relación que tiene la clase en la estructura social. Finalmente, se descubre que la clase media es un constructo que, al menos taxonómicamente, ha sido abandonado por la sociología. Por lo que el ensayo insta a no desistir sobre el pasado erudito de algunas conceptualizaciones sociológicas.  
590 |a KSR/MAYO2012  
650 |a CLASE SOCIAL  
650 |a SOCIOLOGIA  
650 |a INVESTIGACION  
650 |a ESTRUCTURA SOCIAL  
650 |a MODERNIZACION  
650 |a DEMOCRACIA  
650 |a ARGENTINA  
650 |a GINO GERMANI  
773 |g volumen10, número27 (2008), páginas 90-99  
999 |c 20234  |d 20234